Biggest European Cities on the Mediterranean - Statistics

General Stats
  • This quiz has been taken 142 times
  • The average score is 13 of 18
Answer Stats
Population City % Correct
4,790,000 Barcelona
98%
3,475,000 Athens
97%
3,700,000 Naples
95%
3,950,000 Rome
95%
1,620,000 Marseille
94%
730,000 Palermo
89%
975,000 Nice
88%
1,585,000 Valencia
85%
430,000 Venice
81%
615,000 Genoa
79%
455,000 Bari
69%
825,000 Thessaloniki
65%
725,000 Malaga
64%
730,000 Catania
55%
485,000 Alicante
47%
550,000 Palma
45%
430,000 Montpellier
41%
585,000 Toulon
26%
No matching quizzes found
Score Distribution
Percent of People with Each Score
Percentile by Number Answered
Your Score History
You have not taken this quiz